Silhouette disney ou pixar - Statistiques

Statistiques générales
  • Ce quiz a été pris 244 fois
  • Le résultat moyen est 15 sur 16
Statistiques - réponses
Par images Réponse % Correct
blanche neige
100%
ariel
99%
buzz
99%
cendrillon
99%
alice
98%
mulan
98%
bete
97%
jasmine
97%
lilo
97%
vaiana
97%
woody
96%
clochette
95%
pocahontas
93%
esmeralda
84%
vaneloppe
67%
megara
55%
Aucun quiz correspondant
Distribution des résultats
% des personnes avec chaque résultat
Percentile par nombre de réponses
Votre historique - résultats
Vous n’avez pas pris ce quiz